Statistiken für Abkürzungen Feuerwehrfahrzeuge

Klicken Sie hier um das Quiz zu spielen!

Allgemein

  • Dieses Quiz wurde 796 mal gespielt
  • Das Durchschnittsergebnis liegt bei 17 aus 22

Antwortstatistiken

FahrzeugAbkürzung% Korrekt
LöschfahrzeugLF
99%
HilfeleistungslöschfahrzeugHLF
97%
EinsatzleitwagenELW
95%
TanklöschfahrzeugTLF
94%
RüstwagenRW
91%
GerätewagenGW
90%
Drehleiter mit KorbDLK
86%
GroßtanklöschfahrzeugGTLF
86%
RettungswagenRTW
86%
MannschaftstransportfahrzeugMTF
82%
AbrollbehälterAB
79%
VorausrüstwagenVRW
79%
KrankentransportwagenKTW
78%
NotarzteinsatzfahrzeugNEF
78%
WechselladerfahrzeugWLF
77%
Kleines EinsatzfahrzeugKEF
72%
TragkraftspritzenfahrzeugTSF
70%
Tragkraftspritzenfahrzeug-WasserTSF-W
65%
RettungshubschrauberRTH
63%
KommandowagenKdoW
62%
NotarztwagenNAW
62%
TrockentanklöschfahrzeugTroTLF
26%

Verteilung der Resultate

Perzentil nach korrekt beantworteten Fragen

Anzahl Personen mit jedem Resultat

Ihre Resultats-Entwicklung

Sie haben dieses Quiz noch nicht gespielt